ბათუმის შოთა რუსთაველის სახელმწიფო უნივერსიტეტის ბიბლიოთეკა

Процессы и аппараты нефтеперерабатывающей и нефтехимической промышленности. (ბიბ.ჩანაწერი № 47844)

000 -LEADER
fixed length control field 00785nam a2200181Ia 4500
001 - CONTROL NUMBER
control field 14718
003 - CONTROL NUMBER IDENTIFIER
control field GE_BSU
008 - FIXED-LENGTH DATA ELEMENTS--GENERAL INFORMATION
fixed length control field 181216s||||||||xx |||||||||||||| ||und||
040 ## - CATALOGING SOURCE
Transcribing agency GE_BSU
080 ## - UNIVERSAL DECIMAL CLASSIFICATION NUMBER
Universal Decimal Classification number 665.6+665.65
100 ## - MAIN ENTRY--PERSONAL NAME
Personal name Скобло,А.И.Трегубова,И.А. Егоров,Н.Н.
245 ## - TITLE STATEMENT
Title Процессы и аппараты нефтеперерабатывающей и нефтехимической промышленности.
245 ## - TITLE STATEMENT
Remainder of title Учебник.
245 ## - TITLE STATEMENT
Statement of responsibility, etc. Вед. ред. С.И.Бабушкина и К.Ф.Клеименова.
300 ## - PHYSICAL DESCRIPTION
Extent 652 стр. 22 см. с илл.
653 ## - INDEX TERM--UNCONTROLLED
Uncontrolled term Процессы и аппараты нефтеперерабатывающей и нефтехимической промышленности.
942 ## - ADDED ENTRY ELEMENTS (KOHA)
Koha item type წიგნი
ეგზემპლარები
Withdrawn status Lost status Damaged status Not for loan Date acquired Barcode Date last seen Price effective from Koha item type
        2018-12-17 10181 2018-12-17 2018-12-17 წიგნი